000 00492nam a22001457a 4500
008 140202b xxu||||| |||| 00| 0 eng d
020 _a92-8617-319-5
100 _9177
_aJeffe, Eugene D.
245 _aGMAT: how to prepare for the graduate management test
_c/ Eugene D. Jeffe & Stephen Hilbert
260 _aNew Delhi:
_bGalgotia Publications,
_cc1994.
300 _a580p.:
_bills.,
_c27 cm.
440 _9179
_aBarron's Educational Series
700 _9178
_a Hilbert, Stephen
942 _2ddc
_cBK
999 _c128
_d128